|
|
|
|
| LEADER |
00000nab#a22000007a#4500 |
| 001 |
arbauad004354 |
| 003 |
AR-BaUAD |
| 005 |
20250711110631.0 |
| 008 |
940518|||||||||###||||||b###|0###a|spa|| |
| 040 |
|
|
|a AR-BaUAD
|c AR-BaUAD
|b spa
|
| 100 |
|
|
|a Forti, Anna Gloria
|
| 245 |
|
|
|a Collezionismo :
|b orologi /
|c Anna Gloria Forti;
|
| 300 |
0 |
|
|b fot.
|
| 500 |
|
|
|a Accesorios femeninos.
|
| 653 |
|
|
|a DISEÑO DE INDUMENTARIA
|
| 653 |
|
|
|a RELOJES PULSERA
|
| 653 |
|
|
|a ACCESORIOS
|
| 653 |
|
|
|a INDUMENTARIA FEMENINA
|
| 653 |
|
|
|a DISEÑO INDUSTRIAL
|
| 773 |
0 |
|
|t Vogue Italia
|g no. 520 [dic. 1993], p. 6
|
| 942 |
|
|
|c ARTI
|
| 952 |
|
|
|0 0
|1 0
|4 0
|7 0
|9 49274
|a AR-BAuAD
|b AR-BAuAD
|d 2025-07-11
|l 0
|p AAQA004354
|r 2025-07-11 11:06:31
|w 2025-07-11
|y ARTI
|
| 990 |
|
|
|a DT199
|b TD
|
| 990 |
|
|
|a DI199
|b TD
|
| 998 |
|
|
|a AAQ
|b BIBUN76
|
| 999 |
|
|
|c 28947
|d 28947
|